| 000 | 00703cam a2200229 a 4500 | ||
|---|---|---|---|
| 001 | 26518 | ||
| 003 | BD-RjUL | ||
| 005 | 20211209051028.0 | ||
| 008 | 140322r19641959ii 000 0 eng d | ||
| 035 | _a(BD-RjUL)26588 | ||
| 040 |
_aWU _beng _cWU _d2509 _dBD-RjUL |
||
| 041 | _aeng | ||
| 082 | 0 | 4 |
_a954.08 _bGOI 1964 |
| 100 | 1 |
_aGopal, Ram, _d1917- _981570 |
|
| 245 | 1 | 0 |
_aIndian muslims : _ba political history (1858-1947) / _cby Ram Gopal. |
| 260 |
_aNew York: _bAsia Pub. House, _c1959 [Reprinted 1964] |
||
| 300 |
_ax, 351 p., ; _c23 cm. |
||
| 504 | _aBibliographical footnotes. | ||
| 650 | 0 |
_aMuslims _zIndia. _981571 |
|
| 651 | 0 |
_aIndia _xPolitics and government _y1765-1947. _981572 |
|
| 942 |
_2ddc _cBK |
||
| 999 |
_c26518 _d26518 |
||